Detalles MARC
| 000 -CABECERA |
| Longitud fija campo de control |
01535nam a2200313Ia 4500 |
| 005 - • FECHA Y HORA DE LA ÚLTIMA TRANSACCIÓN |
| Fecha y hora de la última transacción |
20220316235555.0 |
| 008 - • CÓDIGOS DE INFORMACIÓN DE LONGITUD FIJA |
| Códigos de información de longitud fija |
121119s2002 sp a gr 000 j spa |
| 020 ## - • NÚMERO INTERNACIONAL NORMALIZADO PARA LIBROS |
| Número Internacional Normalizado para Libros (ISBN) |
8434837730 |
| 041 1# - • CÓDIGO DE LENGUA |
| Código de lengua del texto/banda sonora o título independiente |
spa |
| 040 ## - FUENTE DE LA CATALOGACIÓN |
| Centro catalogador de origen |
CO-BoRNBP |
| Lengua de catalogación |
spa |
| Normas de descripción |
rda |
| Centro transcriptor |
CO-BoRNBP |
| 084 ## - • Clasificación Local Alfanúmerica PNLB |
| Número de clasificación |
C NOS1 |
| 100 1# - • PUNTO DE ACCESO PRINCIPAL-NOMBRE DE PERSONA |
| Nombre de persona |
Nostlinger, Christine |
| Fechas asociadas al nombre |
1936- |
| 245 10 - • TITULO PROPIAMENTE DICHO |
| Título |
Ana esta furiosa |
| Mención de responsabilidad, etc. |
Christine Nostlinger ; ilustraciones de Arnal Ballester ; traducción, Carmen Bas |
| 250 ## - • MENCIÓN DE EDICIÓN |
| Mención de edición |
Primera edición |
| 264 ## - PRODUCCIÓN, PUBLICACIÓN , DISTRIBUCIÓN, FABRICACIÓN Y COPYRIGHT |
| Lugar de producción, publicación, distribución, fabricación |
Madrid |
| Nombre del productor, editor, distribuidor, fabricante |
S. M. |
| Fecha de de producción, publicación, distribución, fabricación o copyright |
2002 |
| 300 ## - • DESCRIPCIÓN FÍSICA |
| Extensión |
64 páginas |
| Otras características físicas |
ilustraciones |
| Dimensiones |
20 cm |
| 336 ## - TIPO DE CONTENIDO |
| Término de tipo de contenido |
texto |
| Código de tipo de contenido |
txt |
| Fuente |
rdacontent |
| 337 ## - TIPO DE MEDIO |
| Nombre del tipo de medio |
sin mediación |
| Código del tipo de medio |
n |
| Fuente |
rdamedia |
| 338 ## - TIPO DE SOPORTE |
| Nombre del tipo de soporte |
volumen |
| Código del tipo de soporte |
nc |
| Fuente |
rdacarrier |
| 490 0# - • MENCIÓN DE SERIE |
| Mención de serie |
El barco de vapor : blanca |
| 520 3# - • NOTA DE RESUMEN |
| Resumen, etc, |
Ana es una niña con un gran problema: se enfada por todo. Cualquier cosa la pone furiosa. Aunque todos intentan ayudarla, ella no lo acepta y se pone aún más agresiva con quien lo intenta. Ella también se da cuenta de su comportamiento y quiere cambiar. Pero no lo consigue. Su abuelo le compra un tambor. Cuando está enfadada, lo toca y el enfado se le pasa. Así logra vencer su problema. Ana ya no se enfada tanto y todos quieren ser sus amigos y desean que toque el tambor |
| 521 1# - • NOTA DE PÚBLICO DESTINATARIO |
| Nota público destinatario (R ) |
Recomendado para niños a partir de 7 años |
| 650 14 - • PUNTO DE ACCESO ADICIONAL DE MATERIA - TÉRMINO DE MATERIA |
| Término de materia o nombre geográfico como elemento inicial |
Cuentos infantiles alemanes |
| Fuente del encabezamiento o término |
LEMB |
| 650 14 - • PUNTO DE ACCESO ADICIONAL DE MATERIA - TÉRMINO DE MATERIA |
| Término de materia o nombre geográfico como elemento inicial |
Literatura infantil alemana |
| Fuente del encabezamiento o término |
LEMB |
| 650 14 - • PUNTO DE ACCESO ADICIONAL DE MATERIA - TÉRMINO DE MATERIA |
| Término de materia o nombre geográfico como elemento inicial |
Libros y lectura para niños |
| Fuente del encabezamiento o término |
LEMB |
| 700 1# - • PUNTO DE ACCESO ADICIONAL - NOMBRE DE PERSONA |
| Nombre de persona |
Ballester, Arnal |
| Término indicativo de función |
ilustrador |
| 700 1# - • PUNTO DE ACCESO ADICIONAL - NOMBRE DE PERSONA |
| Nombre de persona |
Bas, Carmen |
| Término indicativo de función |
traductor |
| 942 ## - ENTRADA DE ELEMENTOS AGREGADOS (KOHA) |
| Fuente de clasificaión o esquema |
|
| Koha [por defecto] tipo de item |
Libro Infantil |